00706 2200253 4500001002100000005001700021008004100038020001800079035002400097082001000121090001700131100001400148245006400162250002000226260004100246300003000287500003100317500001100348650004200359850001500401980001500416985000600431999001500437YOGYA-0209000003028120090227024449.0 ind  a979-416-464-X 0010-020900000030281 a649.8 a649.8bOsw M aOswari, E aMenyongsong usia lanjut dengan bugar dan bahagiacE. Oswari aEd. rev. cet. 1 aJakartabPustaka Sinar Harapanc1997 axix, 218 hlmbilusc21 cm aBibliografi : hlm. 211-212 aIndeks aUsia lanjut - Perawatan dan kesehatan aYOPDYOG(B) a05-22-2007 a1 a00P0003943